000 00311nam a2200121Ia 4500
008 190216s9999||||xx |||||||||||||| ||und||
100 _aVasudevan S A
245 0 _aPerspectives An Anthology Of Modern English Prose
260 _bOrient Longman
_c1970
300 _a258
650 _aEnglish Essay
942 _cBK
999 _c12542
_d12542